00821nam a2200229 a 450000100060000000300090000600800410001502000150005604000280007108200100009910000420010924500370015126000310018830000070021949000350022659000770026165000400033865000390037894200120041799900170042995201450044621964CO-ViMGA141112s2004 ck r 000 u spa d a8476470177 aCO-ViMGAbspacCO-ViMGA04aRODme1 aRodríguez Almodovar, Antonio94992710aEl medio pollito y el medio real aMadrid : bAlgaida, c1992 a15 aCuentos de la media lunita; 16 aForma de adquisición : Compra - - Precio : 4000 - - Proveedor : Cerlac14aCUENTOS INFANTILES ESPAÑOLES972514aPOLLOS - CUENTOS INFANTILES931396 2ddccBK c30500d30500 00102ddc40708008aMEVIECARbMEVIECARd2015-12-04hVolumen. 1 | 11/jun/2009l0oRODme p21964r2015-12-04 00:00:00tEj. 1w2015-12-04yBK